[Event "Bratto op-B 32nd"]
[Site "Bratto"]
[Date "2012.08.22"]
[Round "5"]
[White "Prelati, Maurizio"]
[Black "Reduzzi, Maurizio"]
[Result "0-1"]
[WhiteElo "1991"]
[BlackElo "2103"]
[PlyCount "52"]
[EventDate "2012.08.18"]
[EventType "swiss"]
[EventRounds "9"]
[EventCountry "ITA"]
[SourceTitle "EXT 2014"]
[Source "ChessBase"]
[SourceDate "2013.11.20"]
[SourceVersion "1"]
[SourceVersionDate "2013.11.20"]
[SourceQuality "1"]

1. e4 e6 2. d4 d5 3. Nd2 a6 4. Ngf3 Nf6 5. Bd3 c5 6. c3 Nc6 7. 0-0 dxe4 8. Nxe4 Nxe4 9. Bxe4 Be7 10. Be3 cxd4 11. cxd4 Bd7 12. d5 exd5 13. Bxd5 0-0 14. a3 Rc8 15. Qb3 Na5 16. Qa2 Bc6 17. Bxc6 Nxc6 18. Rfd1 Qc7 19. Rac1 Bf6 20. b4 Rfd8 21. g3 Rxd1+ 22. Rxd1 Rd8 23. Qc2 h5 24. Bd4 Qd7 25. Kg2 Nxd4 26. Qe4 Qd5 0-1

[Event "Bratto op-B 32nd"]
[Site "Bratto"]
[Date "2012.08.19"]
[Round "2"]
[White "Bresciani, Nicola"]
[Black "Reduzzi, Maurizio"]
[Result "1-0"]
[WhiteElo "2255"]
[BlackElo "2103"]
[PlyCount "71"]
[EventDate "2012.08.18"]
[EventType "swiss"]
[EventRounds "9"]
[EventCountry "ITA"]
[SourceTitle "EXT 2014"]
[Source "ChessBase"]
[SourceDate "2013.11.20"]
[SourceVersion "1"]
[SourceVersionDate "2013.11.20"]
[SourceQuality "1"]

1. e4 c5 2. Nf3 e6 3. d4 cxd4 4. Nxd4 a6 5. Be2 Qc7 6. 0-0 Nf6 7. Nc3 Nc6 8. Be3 Bd6 9. h3 Bh2+ 10. Kh1 Bf4 11. Qd2 Bxe3 12. Qxe3 0-0 13. Nxc6 dxc6 14. e5 Nd5 15. Qg3 Nxc3 16. Qxc3 Bd7 17. Rad1 c5 18. Rd2 Bc6 19. Rfd1 Rad8 20. f4 Rd5 21. Bf3 Rxd2 22. Rxd2 Bxf3 23. Qxf3 g6 24. Qd1 Rc8 25. Rd7 Qb6 26. b3 c4 27. Rxf7 Rd8 28. Rd7 Rxd7 29. Qxd7 cxb3 30. axb3 h5 31. c4 Qxb3 32. Qxe6+ Kg7 33. Qf6+ Kh7 34. Qf7+ Kh8 35. Qf8+ Kh7 36. e6 1-0

[Event "Bergamo op 10th"]
[Site "Bergamo"]
[Date "2011.07.16"]
[Round "3"]
[White "Robertsen, Thomas"]
[Black "Reduzzi, Maurizio"]
[Result "0-1"]
[WhiteElo "2257"]
[BlackElo "2082"]
[PlyCount "108"]
[EventDate "2011.07.15"]
[EventType "swiss"]
[EventRounds "6"]
[EventCountry "ITA"]
[SourceTitle "EXT 2023"]
[Source "ChessBase"]
[SourceDate "2022.10.05"]
[SourceVersion "1"]
[SourceVersionDate "2022.10.05"]
[SourceQuality "1"]

1. e4 e6 2. d4 d5 3. Nc3 Bb4 4. e5 c5 5. a3 Bxc3+ 6. bxc3 Qa5 7. Bd2 Qa4 8. Qb1 c4 9. Nh3 Nc6 10. Nf4 Nge7 11. Nh5 Rg8 12. g3 Bd7 13. Bh3 0-0-0 14. 0-0 Rdf8 15. Nf4 Rh8 16. Ng2 h5 17. f4 g6 18. Ne3 Nf5 19. Qb2 b6 20. Rfb1 Kc7 21. Nd1 Rb8 22. Qc1 b5 23. Nb2 Qa6 24. Qe1 Qc8 25. Nd1 a5 26. Ne3 Qf8 27. Bg2 Nxe3 28. Qxe3 Qe7 29. Ra2 Rb7 30. h3 Rhb8 31. Be1 b4 32. axb4 axb4 33. cxb4 Nxb4 34. Rxb4 Rxb4 35. Qa3 Kd8 36. Qa5+ Ke8 37. Bxb4 Qxb4 38. Qxb4 Rxb4 39. Kf2 c3 40. Ke3 Rb2 41. Ra8+ Ke7 42. Kd3 Rb1 43. g4 Rg1 44. Bf3 Bb5+ 45. Ke3 hxg4 46. hxg4 Rc1 47. Ra7+ Kf8 48. f5 Rxc2 49. Ra8+ Kg7 50. f6+ Kh6 51. Rf8 Rc1 52. Rc8 Bc4 53. Kf4 g5+ 54. Kg3 c2 0-1

[Event "Crema op 12th"]
[Site "Crema "]
[Date "2010.09.05"]
[Round "3"]
[White "Cecchini, Massimo S"]
[Black "Reduzzi, Maurizio"]
[Result "0-1"]
[WhiteElo "1805"]
[BlackElo "2089"]
[PlyCount "74"]
[EventDate "2010.09.05"]
[EventType "swiss"]
[EventRounds "6"]
[EventCountry "ITA"]
[SourceTitle "EXT 2012"]
[Source "ChessBase"]
[SourceDate "2011.11.24"]
[SourceVersion "1"]
[SourceVersionDate "2011.11.24"]
[SourceQuality "1"]

1. d4 f5 2. c4 g6 3. Nc3 Nf6 4. Nf3 Bg7 5. g3 d6 6. Bg2 0-0 7. 0-0 Qe8 8. Nb5 Na6 9. Ne1 c6 10. Nc3 e5 11. dxe5 dxe5 12. h4 Be6 13. b3 Rd8 14. Qc2 e4 15. a3 b5 16. cxb5 cxb5 17. Bb2 Rc8 18. Qd2 Nc5 19. Rb1 Nxb3 20. Qe3 Ng4 21. Qxa7 Bxc3 22. Bxc3 Rxc3 23. Nf3 exf3 24. exf3 Nf6 25. Rfe1 Qf7 26. Qb6 Bc4 27. f4 Nd2 28. Rbd1 Nf3+ 29. Bxf3 Rxf3 30. Rd6 Ne4 31. Rc6 Rd3 32. g4 Rfd8 33. f3 Rd1 34. Rxd1 Rxd1+ 35. Kh2 Rd2+ 36. Kg1 Ng3 37. Rf6 Qe7 0-1

[Event "Crema op 12th"]
[Site "Crema "]
[Date "2010.09.05"]
[Round "5"]
[White "Cervini, Ernesto"]
[Black "Reduzzi, Maurizio"]
[Result "0-1"]
[WhiteElo "1833"]
[BlackElo "2089"]
[PlyCount "76"]
[EventDate "2010.09.05"]
[EventType "swiss"]
[EventRounds "6"]
[EventCountry "ITA"]
[SourceTitle "EXT 2012"]
[Source "ChessBase"]
[SourceDate "2011.11.24"]
[SourceVersion "1"]
[SourceVersionDate "2011.11.24"]
[SourceQuality "1"]

1. e4 e6 2. d4 d5 3. Nd2 Be7 4. e5 Nh6 5. Ngf3 c5 6. c3 Nc6 7. Bd3 Bd7 8. Bc2 Qb6 9. Nb3 c4 10. Nbd2 f5 11. exf6 Bxf6 12. 0-0 Nf7 13. Re1 0-0-0 14. b4 e5 15. dxe5 Nfxe5 16. Nxe5 Nxe5 17. h3 Rhe8 18. Nf1 g5 19. Be3 Qc7 20. f4 Ng6 21. Bxg6 hxg6 22. Qd2 gxf4 23. Bxf4 Bxc3 24. Qxc3 Qxf4 25. Ne3 Bc6 26. Ng4 b5 27. Rf1 d4 28. Rxf4 dxc3 29. Rf2 Rd2 30. Rc1 Ree2 31. Rxc3 Rxa2 32. Rxe2 Rxe2 33. g3 Kc7 34. h4 Kd6 35. Ra3 Kd5 36. Ra6 Re6 37. Kf2 Kd4 38. Ra3 c3 0-1

[Event "Bergamo op 7th"]
[Site "Bergamo"]
[Date "2008.09.13"]
[Round "4"]
[White "Pucovski, Miroslav"]
[Black "Reduzzi, Maurizio"]
[Result "1-0"]
[WhiteElo "2346"]
[BlackElo "2093"]
[PlyCount "65"]
[EventDate "2008.09.12"]
[EventType "swiss"]
[EventRounds "6"]
[EventCountry "ITA"]
[SourceTitle "CBM 126 Extra"]
[Source "ChessBase"]
[SourceDate "2008.11.05"]
[SourceVersion "1"]
[SourceVersionDate "2008.11.05"]
[SourceQuality "1"]

1. e4 e6 2. d4 d5 3. e5 c5 4. c3 Nc6 5. Nf3 Bd7 6. Bd3 Qc7 7. a3 c4 8. Bc2 f6 9. Qe2 0-0-0 10. 0-0 Nge7 11. Re1 h6 12. Nbd2 f5 13. b3 Na5 14. Rb1 g5 15. a4 Ng6 16. b4 Nc6 17. Nf1 b6 18. Kh1 Be7 19. Ng1 Rdg8 20. Nh3 g4 21. Nf4 Nxf4 22. Bxf4 Bg5 23. Qd2 Be8 24. Ng3 Qe7 25. Ne2 Qd8 26. Be3 Bf7 27. Nf4 a6 28. b5 axb5 29. Rxb5 Qc7 30. Reb1 Bd8 31. a5 Nxa5 32. Nxd5 exd5 33. Bxf5+ 1-0

[Event "Bergamo op 7th"]
[Site "Bergamo"]
[Date "2008.09.12"]
[Round "2"]
[White "Reduzzi, Maurizio"]
[Black "Korneev, Oleg"]
[Result "0-1"]
[WhiteElo "2093"]
[BlackElo "2631"]
[PlyCount "38"]
[EventDate "2008.09.12"]
[EventType "swiss"]
[EventRounds "6"]
[EventCountry "ITA"]
[SourceTitle "CBM 126 Extra"]
[Source "ChessBase"]
[SourceDate "2008.11.05"]
[SourceVersion "1"]
[SourceVersionDate "2008.11.05"]
[SourceQuality "1"]

1. d4 d5 2. Nf3 Nf6 3. c4 e6 4. Nc3 c6 5. cxd5 exd5 6. Bg5 Be7 7. e3 Bf5 8. Bd3 Bxd3 9. Qxd3 Nbd7 10. 0-0 0-0 11. Rab1 a5 12. a3 Re8 13. Rfc1 Ne4 14. Bf4 Bd6 15. Bg3 Bxg3 16. hxg3 Re6 17. Rc2 f5 18. Na4 Rh6 19. Rcc1 Rh1+ 0-1

[Event "Bergamo op 7th"]
[Site "Bergamo"]
[Date "2008.09.12"]
[Round "1"]
[White "Reduzzi, Maurizio"]
[Black "Sumets, Andrey"]
[Result "1/2-1/2"]
[WhiteElo "2093"]
[BlackElo "2534"]
[PlyCount "98"]
[EventDate "2008.09.12"]
[EventType "swiss"]
[EventRounds "6"]
[EventCountry "ITA"]
[SourceTitle "CBM 126 Extra"]
[Source "ChessBase"]
[SourceDate "2008.11.05"]
[SourceVersion "1"]
[SourceVersionDate "2008.11.05"]
[SourceQuality "1"]

1. d4 Nf6 2. Nf3 d5 3. c4 e6 4. Nc3 Bb4 5. cxd5 exd5 6. Bg5 0-0 7. Qc2 c5 8. e3 h6 9. Bh4 cxd4 10. Nxd4 Nc6 11. Be2 Nxd4 12. exd4 Qb6 13. Bxf6 Qxf6 14. 0-0 Qxd4 15. Rfd1 Qc5 16. Rxd5 Qc7 17. Qb3 Bxc3 18. Qxc3 Qxc3 19. bxc3 Be6 20. Rb5 Rfc8 21. Bf3 Rxc3 22. Rxb7 Rac8 23. h3 Ra3 24. Bg4 Bxg4 25. hxg4 g5 26. Rb2 Rc4 27. f3 Rca4 28. Kf2 Kg7 29. Kg3 Kg6 30. Rc2 Ra6 31. Rd2 R3a5 32. Rc2 f5 33. gxf5+ Kxf5 34. a4 Rxa4 35. Rc5+ Kg6 36. Rxa4 Rxa4 37. Rc6+ Kh5 38. Kh3 g4+ 39. fxg4+ Rxg4 40. Ra6 Rg7 41. Ra5+ Kg6 42. Ra6+ Kh7 43. g4 Kg8 44. Kh4 Rb7 45. Kh5 Rb5+ 46. Kxh6 Rb6+ 47. Rxb6 axb6 48. Kg5 b5 49. Kf4 Kg7 1/2-1/2

[Event "Bratto op-A 27th"]
[Site "Bratto"]
[Date "2007.08.30"]
[Round "8"]
[White "Bassis, Ivano"]
[Black "Reduzzi, Maurizio"]
[Result "0-1"]
[WhiteElo "2026"]
[BlackElo "2105"]
[PlyCount "52"]
[EventDate "2007.08.23"]
[EventType "swiss"]
[EventRounds "9"]
[EventCountry "ITA"]
[SourceTitle "CBM 120 Extra"]
[Source "ChessBase"]
[SourceDate "2007.11.01"]
[SourceVersion "1"]
[SourceVersionDate "2007.11.01"]
[SourceQuality "1"]

1. e4 c5 2. Nf3 Nc6 3. Bb5 g6 4. Bxc6 dxc6 5. d3 Bg7 6. h3 e5 7. Be3 b6 8. Qd2 Qc7 9. Nc3 Ba6 10. Qe2 Nf6 11. a4 Nd7 12. Nd2 Nf8 13. Nc4 Ne6 14. Qd2 h5 15. Ne2 Bxc4 16. dxc4 Rd8 17. Qc1 Qe7 18. 0-0 0-0 19. Rd1 Nd4 20. Kf1 Qe6 21. b3 f5 22. exf5 Qxf5 23. Ra2 h4 24. Rb2 Bh6 25. c3 Bxe3 26. Qxe3 Nc2 0-1

[Event "Bratto op-A 27th"]
[Site "Bratto"]
[Date "2007.08.28"]
[Round "6"]
[White "Mazzariol, Oscar"]
[Black "Reduzzi, Maurizio"]
[Result "1-0"]
[WhiteElo "2035"]
[BlackElo "2105"]
[PlyCount "89"]
[EventDate "2007.08.23"]
[EventType "swiss"]
[EventRounds "9"]
[EventCountry "ITA"]
[SourceTitle "CBM 120 Extra"]
[Source "ChessBase"]
[SourceDate "2007.11.01"]
[SourceVersion "1"]
[SourceVersionDate "2007.11.01"]
[SourceQuality "1"]

1. d4 d5 2. c4 e6 3. Nc3 Nf6 4. cxd5 exd5 5. Bg5 Be7 6. e3 0-0 7. Qc2 Nbd7 8. Bd3 Re8 9. Nge2 Nf8 10. 0-0 Be6 11. f3 Rc8 12. e4 c5 13. e5 N6d7 14. Bxe7 Qxe7 15. f4 c4 16. Bxh7+ Nxh7 17. f5 Rf8 18. Nf4 Nxe5 19. fxe6 Nd3 20. Nxd3 cxd3 21. exf7+ Rxf7 22. Qxd3 Nf6 23. Rae1 Qd6 24. Re5 Rcf8 25. Rff5 Qb4 26. Re2 a6 27. h3 Qd6 28. a3 b5 29. b4 Nh5 30. Rxf7 Rxf7 31. Re5 Nf6 32. Qf5 Qc6 33. Qd3 Rc7 34. Re3 Qc4 35. Qd2 Rc8 36. Rg3 Qb3 37. Qg5 Ne8 38. Nxd5 Qd1+ 39. Kh2 Rc1 40. Nf6+ Kf8 41. Nd7+ Kg8 42. Qd5+ Kh8 43. Rf3 Qg1+ 44. Kg3 Qe1+ 45. Kg4 1-0

[Event "Bratto op-A 27th"]
[Site "Bratto"]
[Date "2007.08.27"]
[Round "5"]
[White "Reduzzi, Maurizio"]
[Black "Salmoiraghi, Angelo"]
[Result "1-0"]
[WhiteElo "2105"]
[BlackElo "2031"]
[PlyCount "111"]
[EventDate "2007.08.23"]
[EventType "swiss"]
[EventRounds "9"]
[EventCountry "ITA"]
[SourceTitle "CBM 120 Extra"]
[Source "ChessBase"]
[SourceDate "2007.11.01"]
[SourceVersion "1"]
[SourceVersionDate "2007.11.01"]
[SourceQuality "1"]

1. d4 d5 2. Nf3 Nc6 3. c4 Bg4 4. e3 e6 5. Nc3 Nf6 6. cxd5 Nxd5 7. h3 Bxf3 8. Qxf3 Bb4 9. Bd2 0-0 10. Bc4 Nb6 11. Bb5 Ne7 12. a3 Bxc3 13. bxc3 c6 14. Be2 Nd7 15. 0-0 e5 16. e4 Ng6 17. a4 Qh4 18. Rab1 b6 19. Rfe1 Rae8 20. Bf1 Re6 21. Qg4 Qd8 22. Bc4 Rd6 23. Bg5 Nf6 24. Qf5 h6 25. Qxg6 hxg5 26. dxe5 Rd5 27. Bxd5 Nxd5 28. Qxc6 Nf4 29. Rbd1 Qe7 30. Qd6 Qb7 31. Kh2 Qc8 32. Re3 Qc4 33. Qd4 Qe6 34. Qd7 Qxe5 35. g3 Ne6 36. Qd5 Qf6 37. Kg2 Qg6 38. Qf5 Qh5 39. Qg4 Qh6 40. h4 gxh4 41. Qxh4 Qg6 42. Rh1 f6 43. f4 Qe8 44. Qh7+ Kf7 45. Qh5+ Ke7 46. Qxe8+ Rxe8 47. f5 Nc5 48. e5 Rd8 49. e6 Rd2+ 50. Kf3 Nd3 51. Rh7 Rf2+ 52. Kg4 Ne5+ 53. Rxe5 fxe5 54. Rxg7+ Kd6 55. Rd7+ Kc6 56. Rd1 1-0

[Event "Bratto op-A 27th"]
[Site "Bratto"]
[Date "2007.08.26"]
[Round "4"]
[White "Campomori, Bruno"]
[Black "Reduzzi, Maurizio"]
[Result "1-0"]
[WhiteElo "2043"]
[BlackElo "2105"]
[PlyCount "49"]
[EventDate "2007.08.23"]
[EventType "swiss"]
[EventRounds "9"]
[EventCountry "ITA"]
[SourceTitle "CBM 120 Extra"]
[Source "ChessBase"]
[SourceDate "2007.11.01"]
[SourceVersion "1"]
[SourceVersionDate "2007.11.01"]
[SourceQuality "1"]

1. e4 c5 2. Nf3 e6 3. d4 cxd4 4. Nxd4 a6 5. Nc3 b5 6. Be3 Bb7 7. f3 Nf6 8. a3 Nc6 9. Qd2 Rc8 10. Qf2 Qc7 11. Nb3 d6 12. Bd3 Be7 13. Bb6 Qb8 14. f4 Nd7 15. Be3 Bf6 16. 0-0 0-0 17. Rad1 b4 18. axb4 Nxb4 19. e5 Nxd3 20. Rxd3 Be7 21. exd6 Bf6 22. Na4 Be4 23. Rd2 Bd5 24. Nbc5 Nxc5 25. Bxc5 1-0

[Event "Bratto op-A 27th"]
[Site "Bratto"]
[Date "2007.08.23"]
[Round "1"]
[White "Reduzzi, Maurizio"]
[Black "Efimov, Igor"]
[Result "0-1"]
[WhiteElo "2105"]
[BlackElo "2426"]
[PlyCount "58"]
[EventDate "2007.08.23"]
[EventType "swiss"]
[EventRounds "9"]
[EventCountry "ITA"]
[SourceTitle "CBM 120 Extra"]
[Source "ChessBase"]
[SourceDate "2007.11.01"]
[SourceVersion "1"]
[SourceVersionDate "2007.11.01"]
[SourceQuality "1"]

1. d4 Nf6 2. Nf3 e6 3. c4 a6 4. Nc3 c5 5. g3 cxd4 6. Qxd4 Nc6 7. Qd2 b5 8. Bg2 bxc4 9. Nd4 Bb7 10. Nxc6 Qc7 11. Qf4 Rc8 12. Qxc4 d5 13. Qd3 Qxc6 14. Bg5 Qb6 15. 0-0 Be7 16. Rfc1 Ng4 17. Be3 Nxe3 18. Qxe3 Qxe3 19. fxe3 Bc5 20. Kf2 Ke7 21. Na4 Ba7 22. b4 Kd6 23. Nc5 Bxc5 24. bxc5+ Rxc5 25. Rxc5 Kxc5 26. Rb1 Bc6 27. e4 dxe4 28. Ke3 f5 29. Kf4 Rd8 0-1

[Event "Melegnano op 3rd"]
[Site "Melegnano"]
[Date "2004.02.15"]
[Round "5"]
[White "Reduzzi, Maurizio"]
[Black "Lanzani, Giuliano"]
[Result "1/2-1/2"]
[WhiteElo "1833"]
[BlackElo "2067"]
[PlyCount "84"]
[EventDate "2004.02.13"]
[EventType "swiss"]
[EventRounds "5"]
[EventCountry "ITA"]
[SourceTitle "EXT 2008"]
[Source "ChessBase"]
[SourceDate "2007.11.25"]
[SourceVersion "1"]
[SourceVersionDate "2007.11.25"]
[SourceQuality "1"]

1. d4 d5 2. Nf3 Nf6 3. c4 e6 4. Nc3 Be7 5. Bg5 Nc6 6. e3 Ne4 7. Bxe7 Nxe7 8. Qc2 Nxc3 9. Qxc3 0-0 10. Bd3 b6 11. 0-0 Bb7 12. c5 bxc5 13. Qxc5 Qd6 14. Rfc1 Rfc8 15. Rc2 Nc6 16. a3 a5 17. Bb5 Nb8 18. Rac1 Na6 19. Qxd6 cxd6 20. Kf1 Kf8 21. Ke2 Ke7 22. Kd2 Rxc2+ 23. Rxc2 Rc8 24. Rxc8 Bxc8 25. Kc3 Nc7 26. Bd3 h6 27. Nd2 Bd7 28. Nb3 a4 29. Nc1 e5 30. Kb4 exd4 31. exd4 Ne6 32. Ne2 f6 33. Bb5 Bxb5 34. Kxb5 Kd7 35. Kxa4 Kc6 36. Ka5 f5 37. b4 g5 38. b5+ Kb7 39. a4 h5 40. Kb4 f4 41. a5 g4 42. Nxf4 Nxf4 1/2-1/2

[Event "Melegnano op 3rd"]
[Site "Melegnano"]
[Date "2004.02.14"]
[Round "3"]
[White "De Santis, Alessio"]
[Black "Reduzzi, Maurizio"]
[Result "1/2-1/2"]
[WhiteElo "2283"]
[BlackElo "1833"]
[PlyCount "71"]
[EventDate "2004.02.13"]
[EventType "swiss"]
[EventRounds "5"]
[EventCountry "ITA"]
[SourceTitle "EXT 2008"]
[Source "ChessBase"]
[SourceDate "2007.11.25"]
[SourceVersion "1"]
[SourceVersionDate "2007.11.25"]
[SourceQuality "1"]

1. d4 d5 2. c4 e6 3. Nc3 Nf6 4. cxd5 exd5 5. Bg5 Be7 6. e3 c6 7. Qc2 Nbd7 8. Bd3 0-0 9. Nge2 Re8 10. 0-0 Nf8 11. f3 Ng6 12. h3 c5 13. Rad1 Be6 14. Kh1 Rc8 15. Bxg6 hxg6 16. e4 dxe4 17. Bxf6 Bxf6 18. d5 Bd7 19. Nxe4 Bf5 20. Nxf6+ Qxf6 21. Qd2 c4 22. Nc3 Bd3 23. Rfe1 a6 24. Ne4 Bxe4 25. Rxe4 Qd6 26. Qe2 Rxe4 27. fxe4 Qe5 28. d6 Rd8 29. d7 Qe6 30. Qd2 b5 31. Qd4 f6 32. a3 Kf7 33. Kg1 Ke7 34. Qc5+ Kf7 35. Qc7 Ke7 36. Qc5+ 1/2-1/2

[Event "Crema op 05th"]
[Site "Crema"]
[Date "2003.09.06"]
[Round "4"]
[White "Raffaldi, Fabrizio"]
[Black "Reduzzi, Maurizio"]
[Result "0-1"]
[WhiteElo "1606"]
[BlackElo "1749"]
[PlyCount "48"]
[EventDate "2003.09.05"]
[EventType "swiss"]
[EventRounds "6"]
[EventCountry "ITA"]
[SourceTitle "EXT 2007"]
[Source "ChessBase"]
[SourceDate "2006.11.23"]
[SourceVersion "1"]
[SourceVersionDate "2006.11.23"]
[SourceQuality "1"]

1. e4 c5 2. Nf3 e6 3. d4 cxd4 4. Nxd4 Nc6 5. Nxc6 bxc6 6. Bd3 d5 7. c4 Bb4+ 8. Bd2 Bxd2+ 9. Qxd2 d4 10. c5 e5 11. Na3 Be6 12. 0-0 Rb8 13. Nc4 Bxc4 14. Bxc4 Qe7 15. b4 Nf6 16. Bd3 0-0 17. Rfc1 Nd7 18. Qc2 Rxb4 19. a3 Rb7 20. Ba6 Rbb8 21. f3 Qg5 22. Re1 h5 23. Rac1 g6 24. Qa4 Rb2 0-1

[Event "Crema op 05th"]
[Site "Crema"]
[Date "2003.09.05"]
[Round "1"]
[White "Reduzzi, Maurizio"]
[Black "Albrizio, Mauro"]
[Result "1-0"]
[WhiteElo "1749"]
[BlackElo "1455"]
[PlyCount "53"]
[EventDate "2003.09.05"]
[EventType "swiss"]
[EventRounds "6"]
[EventCountry "ITA"]
[SourceTitle "EXT 2007"]
[Source "ChessBase"]
[SourceDate "2006.11.23"]
[SourceVersion "1"]
[SourceVersionDate "2006.11.23"]
[SourceQuality "1"]

1. d4 d5 2. Nf3 Nf6 3. c4 c6 4. e3 Nbd7 5. Nc3 e6 6. Qc2 Be7 7. Be2 0-0 8. b3 Re8 9. Bb2 Bd6 10. 0-0 e5 11. dxe5 Nxe5 12. cxd5 Nxf3+ 13. Bxf3 Bg4 14. Qe2 Bxf3 15. Qxf3 cxd5 16. Rfd1 Be5 17. Rd3 Qc7 18. h3 Rad8 19. Rad1 Qa5 20. a3 d4 21. exd4 Bxd4 22. Rxd4 Rxd4 23. Rxd4 Re1+ 24. Kh2 Qe5+ 25. Qf4 Qe7 26. Nd5 Nxd5 27. Qb8+ 1-0

[Event "ITA-ch U20 26th"]
[Site "Bratto"]
[Date "2003.08.29"]
[Round "9"]
[White "Reduzzi, Maurizio"]
[Black "Kidane, Robel"]
[Result "1/2-1/2"]
[WhiteElo "1749"]
[BlackElo "2045"]
[PlyCount "44"]
[EventDate "2003.08.21"]
[EventType "swiss"]
[EventRounds "9"]
[EventCountry "ITA"]
[SourceTitle "EXT 2007"]
[Source "ChessBase"]
[SourceDate "2006.11.23"]
[SourceVersion "1"]
[SourceVersionDate "2006.11.23"]
[SourceQuality "1"]

1. d4 Nf6 2. Nf3 d5 3. c4 g6 4. g3 Bg7 5. Bg2 0-0 6. 0-0 c5 7. dxc5 Na6 8. c6 bxc6 9. Nc3 e6 10. Qa4 Bb7 11. Nd4 Nc5 12. Qa3 Nfd7 13. Be3 Qc7 14. cxd5 cxd5 15. Rac1 Qb6 16. Nb3 d4 17. Bxd4 Bxg2 18. Bxg7 Nxb3 19. Qxb3 Qxb3 20. axb3 Kxg7 21. Kxg2 Rfb8 22. Rfd1 Nc5 1/2-1/2

[Event "ITA-ch U20 26th"]
[Site "Bratto"]
[Date "2003.08.27"]
[Round "7"]
[White "Pagan, Andrea"]
[Black "Reduzzi, Maurizio"]
[Result "0-1"]
[WhiteElo "1603"]
[BlackElo "1749"]
[PlyCount "64"]
[EventDate "2003.08.21"]
[EventType "swiss"]
[EventRounds "9"]
[EventCountry "ITA"]
[SourceTitle "EXT 2007"]
[Source "ChessBase"]
[SourceDate "2006.11.23"]
[SourceVersion "1"]
[SourceVersionDate "2006.11.23"]
[SourceQuality "1"]

1. d4 Nf6 2. c4 e6 3. Nc3 d5 4. Bg5 c6 5. e3 Nbd7 6. Nf3 Qa5 7. c5 Ne4 8. Qc2 Nxg5 9. Nxg5 h6 10. Nf3 b6 11. cxb6 axb6 12. a3 Bd6 13. Bd3 Nf6 14. 0-0 Bb7 15. Rac1 0-0 16. Rfe1 c5 17. Qd1 Rac8 18. e4 cxd4 19. Nxd4 Be5 20. Ncb5 dxe4 21. Nb3 Qa8 22. Bxe4 Bxe4 23. f3 Bxf3 24. Qxf3 Qxf3 25. gxf3 Bf4 26. Rxc8 Rxc8 27. Re2 Nd5 28. N3d4 Rc1+ 29. Kg2 Be3 30. Rc2 Rg1+ 31. Kh3 Nf4+ 32. Kh4 g5# 0-1

[Event "ITA-ch U20 26th"]
[Site "Bratto"]
[Date "2003.08.24"]
[Round "4"]
[White "Reduzzi, Maurizio"]
[Black "Rombaldoni, Denis"]
[Result "0-1"]
[WhiteElo "1749"]
[BlackElo "2064"]
[PlyCount "86"]
[EventDate "2003.08.21"]
[EventType "swiss"]
[EventRounds "9"]
[EventCountry "ITA"]
[SourceTitle "EXT 2007"]
[Source "ChessBase"]
[SourceDate "2006.11.23"]
[SourceVersion "1"]
[SourceVersionDate "2006.11.23"]
[SourceQuality "1"]

1. d4 d5 2. Nf3 Nf6 3. c4 e6 4. Nc3 Be7 5. Bg5 Nbd7 6. e3 0-0 7. Rc1 c6 8. Bd3 Nh5 9. Bxe7 Qxe7 10. cxd5 exd5 11. 0-0 f5 12. Qc2 g6 13. a3 Kg7 14. b4 Ndf6 15. Ne5 a5 16. Qb3 Be6 17. Na4 axb4 18. axb4 Ne4 19. Rc2 f4 20. Nc5 Bg8 21. b5 fxe3 22. Bxe4 exf2+ 23. Rcxf2 Rxf2 24. Rxf2 dxe4 25. Qe3 cxb5 26. Nxe4 Ra1+ 27. Rf1 Rxf1+ 28. Kxf1 Bc4+ 29. Kg1 Nf6 30. h4 Nxe4 31. Qxe4 b4 32. Qf4 Bd5 33. h5 b3 34. h6+ Kg8 35. Qc1 Be6 36. Qc3 Bd5 37. Qe1 Qf8 38. Qd2 Qc8 39. Qa5 Qc1+ 40. Kf2 Qb2+ 41. Ke3 Qc1+ 42. Kf2 Qc2+ 43. Ke1 Qb1+ 0-1